[Event "Santa Cruz de Tenerife Autumn op"]
[Site "Santa Cruz de Tenerife"]
[Date "2016.10.19"]
[Round "2"]
[White "Jimenez Arteaga, Angel"]
[Black "Pinto Henriquez, Rodrigo"]
[Result "1/2-1/2"]
[WhiteElo "1903"]
[BlackElo "2210"]
[PlyCount "137"]
[EventDate "2016.10.17"]
[EventType "swiss"]
[EventRounds "9"]
[EventCountry "ESP"]
[SourceTitle "CBM 175 Extra"]
[Source "ChessBase"]
[SourceDate "2016.12.12"]
[SourceVersion "1"]
[SourceVersionDate "2016.12.12"]
[SourceQuality "1"]

1. e4 e5 2. Nf3 Nc6 3. Bb5 a6 4. Bxc6 dxc6 5. d4 exd4 6. Qxd4 Qxd4 7. Nxd4 Bd7 8. Be3 0-0-0 9. Nd2 Ne7 10. 0-0-0 c5 11. Ne2 Ng6 12. f3 Be7 13. Nf4 Nxf4 14. Bxf4 Bb5 15. c4 Ba4 16. b3 Bc6 17. Nb1 Bf6 18. Rxd8+ Rxd8 19. Rd1 Re8 20. Kc2 g5 21. Be3 b6 22. Nd2 h6 23. Nf1 Be5 24. Rd2 Bd7 25. g4 Re6 26. Kd3 Rf6 27. Ke2 Be6 28. h3 Rg6 29. Kf2 Rg8 30. Ng3 Kb7 31. Nf5 Rh8 32. Kg2 Bf6 33. Ng3 Kc6 34. Nh5 Be5 35. f4 gxf4 36. Nxf4 Bxf4 37. Bxf4 h5 38. Kf3 hxg4+ 39. hxg4 Rh4 40. g5 Rh3+ 41. Bg3 b5 42. cxb5+ axb5 43. Rh2 Rxh2 44. Bxh2 c4 45. b4 c3 46. a3 Bc4 47. Ke3 c2 48. Kd2 Bd3 49. e5 Kd7 50. Bf4 Be4 51. Kc3 Ke6 52. Kd4 Kf5 53. Bd2 Bf3 54. Bc1 c6 55. Bd2 Ke6 56. Bc1 Bh5 57. Bd2 Bg6 58. Bc1 Kf5 59. Bd2 Kg4 60. Bc1 Kf3 61. Kc3 Ke2 62. Kb2 Kd3 63. Kb3 Be4 64. Kb2 Kd4 65. Bd2 Kxe5 66. Bc3+ Kd5 67. Bd2 Kc4 68. Bf4 Kd3 69. Bc1 1/2-1/2

[Event "Santa Cruz de Tenerife op"]
[Site "Santa Cruz de Tenerife"]
[Date "2016.08.25"]
[Round "9"]
[White "Pinto Henriquez, Rodrigo"]
[Black "Perez Garcia, Jimena"]
[Result "1-0"]
[WhiteElo "2240"]
[BlackElo "1381"]
[PlyCount "55"]
[EventDate "2016.08.08"]
[EventType "swiss"]
[EventRounds "9"]
[EventCountry "ESP"]
[SourceTitle "CBM 174 Extra"]
[Source "ChessBase"]
[SourceDate "2016.10.10"]
[SourceVersion "1"]
[SourceVersionDate "2016.10.10"]
[SourceQuality "1"]

1. d4 Nf6 2. c4 g6 3. Nc3 Bg7 4. e4 d6 5. Be2 0-0 6. Nf3 e5 7. Be3 Nbd7 8. 0-0 Ng4 9. Bg5 Ngf6 10. Qd2 Re8 11. Rae1 c6 12. Bd1 Qc7 13. Bh6 Nh5 14. Bxg7 Kxg7 15. Ng5 Ndf6 16. Kh1 h6 17. Nf3 Nf4 18. c5 N6h5 19. cxd6 Qxd6 20. dxe5 Qxd2 21. Nxd2 Rxe5 22. Re3 Be6 23. g3 Nh3 24. f4 Rc5 25. Nb3 Rc4 26. Kg2 Rd8 27. Bxh5 gxh5 28. f5 1-0

[Event "Santa Cruz de Tenerife op"]
[Site "Santa Cruz de Tenerife"]
[Date "2016.08.23"]
[Round "7"]
[White "Diaz Reyes, Franklin"]
[Black "Pinto Henriquez, Rodrigo"]
[Result "0-1"]
[WhiteElo "1370"]
[BlackElo "2240"]
[PlyCount "90"]
[EventDate "2016.08.08"]
[EventType "swiss"]
[EventRounds "9"]
[EventCountry "ESP"]
[SourceTitle "CBM 174 Extra"]
[Source "ChessBase"]
[SourceDate "2016.10.10"]
[SourceVersion "1"]
[SourceVersionDate "2016.10.10"]
[SourceQuality "1"]

1. e4 e5 2. Nf3 Nc6 3. d4 exd4 4. Nxd4 Bc5 5. Be3 Qf6 6. c3 Nge7 7. Be2 0-0 8. 0-0 d5 9. Bf3 Ne5 10. Re1 Nxf3+ 11. Qxf3 Qxf3 12. Nxf3 Bxe3 13. Rxe3 Be6 14. Nbd2 Rad8 15. Nd4 Bd7 16. N2f3 c5 17. Ne2 Bc6 18. Ng3 Ng6 19. Rd1 dxe4 20. Rxd8 Rxd8 21. Nxe4 Rd1+ 22. Ne1 f5 23. Nxc5 Nf4 24. f3 Nd5 25. Re2 Bb5 26. Re5 b6 27. Nb3 f4 28. Kf2 Bc4 29. Re4 b5 30. Rd4 Rb1 31. Rd2 Ne3 32. Rd8+ Kf7 33. Rd7+ Ke8 34. Rxg7 Nd1+ 35. Kg1 Nxc3 36. Kf2 Nd1+ 37. Kg1 Nxb2 38. Kf2 Nd1+ 39. Kg1 Ne3 40. Kf2 Rb2+ 41. Kg1 Re2 42. h4 Rxe1+ 43. Kh2 Nf1+ 44. Kh3 Be6+ 45. Rg4 Ng3 0-1

[Event "Santa Cruz de Tenerife op"]
[Site "Santa Cruz de Tenerife"]
[Date "2016.08.09"]
[Round "2"]
[White "Pinto Henriquez, Rodrigo"]
[Black "Rodriguez Redondo, Ethan"]
[Result "0-1"]
[WhiteElo "2240"]
[BlackElo "1842"]
[PlyCount "118"]
[EventDate "2016.08.08"]
[EventType "swiss"]
[EventRounds "9"]
[EventCountry "ESP"]
[SourceTitle "CBM 174 Extra"]
[Source "ChessBase"]
[SourceDate "2016.10.10"]
[SourceVersion "1"]
[SourceVersionDate "2016.10.10"]
[SourceQuality "1"]

1. d4 Nf6 2. c4 e6 3. g3 c5 4. d5 e5 5. Nc3 d6 6. Bg2 Be7 7. e4 a6 8. Nge2 0-0 9. 0-0 Ne8 10. a4 f5 11. exf5 Bxf5 12. Ne4 Nd7 13. N2c3 Nc7 14. Qe2 Rb8 15. h4 h6 16. Bd2 Nf6 17. Rfe1 b6 18. Nxf6+ Bxf6 19. Ne4 Be7 20. g4 Bxe4 21. Bxe4 Bxh4 22. Rf1 Bg5 23. Ra3 Bxd2 24. Qxd2 Rf4 25. f3 Qg5 26. Qg2 a5 27. Rc3 g6 28. Qc2 Kg7 29. Kf2 Na6 30. Ke1 Nb4 31. Qe2 Rbf8 32. Rh1 Rh8 33. Re3 Rxe4 34. Rxe4 Qc1+ 35. Qd1 Nd3+ 36. Ke2 Nf4+ 37. Rxf4 Qxb2+ 38. Qd2 Qxd2+ 39. Kxd2 exf4 40. Re1 Kf7 41. Re6 Rd8 42. Kd3 Rd7 43. Re4 g5 44. Re6 Kg7 45. Ke4 Kh7 46. Kf5 Rf7+ 47. Rf6 Re7 48. Rxd6 Re3 49. Rxb6 Rxf3 50. Rb7+ Kg8 51. d6 Rd3 52. Ke6 f3 53. Rb2 Re3+ 54. Kf6 Rd3 55. Rb8+ Kh7 56. Ke7 Re3+ 57. Kd8 f2 58. Rb7+ Kg6 59. d7 f1Q 0-1

[Event "Santa Cruz CajaCanarias op"]
[Site "Santa Cruz"]
[Date "2016.05.18"]
[Round "8"]
[White "Pinto Henriquez, Rodrigo"]
[Black "Hidalgo Santana, Fernando"]
[Result "1/2-1/2"]
[WhiteElo "2196"]
[BlackElo "2194"]
[PlyCount "87"]
[EventDate "2016.04.27"]
[EventType "swiss"]
[EventRounds "9"]
[EventCountry "ESP"]
[SourceTitle "CBM 172 Extra"]
[Source "ChessBase"]
[SourceDate "2016.06.21"]
[SourceVersion "1"]
[SourceVersionDate "2016.06.21"]
[SourceQuality "1"]

1. d4 Nf6 2. c4 e6 3. Nc3 Bb4 4. Qc2 b6 5. a3 Bxc3+ 6. Qxc3 Bb7 7. f3 c5 8. dxc5 bxc5 9. Nh3 d6 10. Bf4 Qb6 11. e4 0-0 12. Bg5 Nbd7 13. 0-0-0 Rab8 14. Bf4 d5 15. exd5 exd5 16. Bxb8 Rxb8 17. Bd3 d4 18. Qc2 Bc6 19. Rd2 Qa6 20. Re1 Ba4 21. Qb1 Bb3 22. Re7 Qd6 23. Rde2 Nb6 24. g3 Nxc4 25. Ng5 Ne3 26. Bxh7+ Kf8 27. R7xe3 dxe3 28. Qd3 Qb6 29. Qxe3 Re8 30. Be4 Rd8 31. Rd2 Rd4 32. Bc2 Bxc2 33. Kxc2 Nd5 34. Qe5 f6 35. Nh7+ Kf7 36. Ng5+ Kg6 37. Qe8+ Kxg5 38. h4+ Kh6 39. Rxd4 cxd4 40. Qh8+ Kg6 41. Qe8+ Kh6 42. Qh8+ Kg6 43. Qe8+ Kh6 44. Qh8+ 1/2-1/2

[Event "Santa Cruz CajaCanarias op"]
[Site "Santa Cruz"]
[Date "2016.05.16"]
[Round "7"]
[White "Pinto Henriquez, Rodrigo"]
[Black "Villavicencio Martinez, Adalberto"]
[Result "0-1"]
[WhiteElo "2196"]
[BlackElo "2330"]
[PlyCount "32"]
[EventDate "2016.04.27"]
[EventType "swiss"]
[EventRounds "9"]
[EventCountry "ESP"]
[SourceTitle "CBM 172 Extra"]
[Source "ChessBase"]
[SourceDate "2016.06.21"]
[SourceVersion "1"]
[SourceVersionDate "2016.06.21"]
[SourceQuality "1"]

1. e4 c5 2. Nf3 d6 3. d4 cxd4 4. Nxd4 Nf6 5. Nc3 a6 6. f3 e5 7. Nb3 Be7 8. Be3 Be6 9. Qd2 Nbd7 10. 0-0-0 0-0 11. Kb1 b5 12. Qf2 Qc7 13. Nd5 Bxd5 14. exd5 Rfb8 15. Be2 a5 16. Rd2 a4 0-1

[Event "Santa Cruz CajaCanarias op"]
[Site "Santa Cruz"]
[Date "2016.05.11"]
[Round "6"]
[White "Hernandez Leon, Sergio"]
[Black "Pinto Henriquez, Rodrigo"]
[Result "0-1"]
[WhiteElo "2106"]
[BlackElo "2196"]
[PlyCount "46"]
[EventDate "2016.04.27"]
[EventType "swiss"]
[EventRounds "9"]
[EventCountry "ESP"]
[SourceTitle "CBM 172 Extra"]
[Source "ChessBase"]
[SourceDate "2016.06.21"]
[SourceVersion "1"]
[SourceVersionDate "2016.06.21"]
[SourceQuality "1"]

1. d4 d5 2. c4 dxc4 3. Nf3 Nf6 4. Qa4+ Nbd7 5. Qxc4 e6 6. g3 c5 7. dxc5 Bxc5 8. Bg2 Qc7 9. Nbd2 Nb6 10. Qh4 Bd7 11. 0-0 Be7 12. Nb3 Nfd5 13. Qd4 Bf6 14. Qd1 Rd8 15. e4 Nb4 16. Qe2 Qc4 17. Qxc4 Nxc4 18. e5 Nxe5 19. Nxe5 Bxe5 20. f4 Bc7 21. Bxb7 Bb5 22. Rf3 Nc2 23. Rb1 Bb6+ 0-1

[Event "Santa Cruz CajaCanarias op"]
[Site "Santa Cruz"]
[Date "2016.05.04"]
[Round "3"]
[White "Pinto Henriquez, Rodrigo"]
[Black "Rodriguez Redondo, Ethan"]
[Result "1/2-1/2"]
[WhiteElo "2196"]
[BlackElo "1744"]
[PlyCount "142"]
[EventDate "2016.04.27"]
[EventType "swiss"]
[EventRounds "9"]
[EventCountry "ESP"]
[SourceTitle "CBM 172 Extra"]
[Source "ChessBase"]
[SourceDate "2016.06.21"]
[SourceVersion "1"]
[SourceVersionDate "2016.06.21"]
[SourceQuality "1"]

1. e4 c5 2. Nf3 e6 3. d4 cxd4 4. Nxd4 Nc6 5. Nc3 Qc7 6. Be2 a6 7. 0-0 Nf6 8. Kh1 Bb4 9. Qd3 Bxc3 10. bxc3 d5 11. exd5 Nxd5 12. Nxc6 Qxc6 13. c4 Nf6 14. Ba3 Bd7 15. Qg3 0-0-0 16. Rab1 Qa4 17. Rb4 Qa5 18. Bf3 b5 19. Qd6 Be8 20. Qc5+ Qc7 21. Qe3 a5 22. Rbb1 b4 23. Bb2 Qxc4 24. Be2 Qc7 25. Be5 Qb7 26. Qc5+ Bc6 27. Bxf6 Rd5 28. Qc4 gxf6 29. Bf3 Rd6 30. c3 Qb5 31. Qf4 Qe5 32. Qxe5 fxe5 33. Bxc6 Rxc6 34. cxb4 axb4 35. Rxb4 Rc2 36. a4 Rd8 37. g3 Rd4 38. Rb5 Rd5 39. Rb3 Ra2 40. Rc1+ Kd8 41. Kg2 Rxa4 42. Rb8+ Ke7 43. Rh8 Ra7 44. Rxh7 Kf6 45. Rh8 Rd2 46. Rc3 e4 47. Rh4 Ke5 48. Rh7 Rad7 49. h4 f5 50. Rc5+ R7d5 51. Rc3 Rd7 52. Rh6 R2d3 53. Rc6 R3d6 54. Rxd6 Rxd6 55. Kf1 Rd2 56. Rg6 Rd7 57. Ke2 Rh7 58. Ke3 Rh5 59. Rg5 Rh6 60. Rg8 Rh7 61. Ra8 Rd7 62. Ra5+ Rd5 63. Ra6 Rd7 64. Ra5+ Rd5 65. Rxd5+ exd5 66. f4+ exf3 67. Kxf3 d4 68. Ke2 f4 69. gxf4+ Kxf4 70. Kd3 Kg4 71. Kxd4 Kxh4 1/2-1/2

[Event "Santa Cruz CajaCanarias op"]
[Site "Santa Cruz"]
[Date "2016.04.27"]
[Round "1"]
[White "Brito Rodriguez, Cristian"]
[Black "Pinto Henriquez, Rodrigo"]
[Result "0-1"]
[WhiteElo "1560"]
[BlackElo "2196"]
[PlyCount "104"]
[EventDate "2016.04.27"]
[EventType "swiss"]
[EventRounds "9"]
[EventCountry "ESP"]
[SourceTitle "CBM 172 Extra"]
[Source "ChessBase"]
[SourceDate "2016.06.21"]
[SourceVersion "1"]
[SourceVersionDate "2016.06.21"]
[SourceQuality "1"]

1. d4 d5 2. c4 c6 3. Nf3 Nf6 4. Nc3 a6 5. a4 g6 6. h3 Bg7 7. Bf4 Ne4 8. a5 0-0 9. e3 Nxc3 10. bxc3 c5 11. Qb3 dxc4 12. Bxc4 Nc6 13. Qb6 Qxb6 14. axb6 Bf5 15. 0-0 cxd4 16. exd4 Rad8 17. Rfe1 Rde8 18. Re2 h6 19. Rae1 g5 20. Bd6 Bf6 21. Nd2 Rc8 22. Bc7 e6 23. Nb3 Bd8 24. Bxd8 Rfxd8 25. Nc5 Nxd4 26. cxd4 Rxd4 27. Nxb7 Rcxc4 28. Ra1 Kg7 29. Rb2 Rb4 30. Rba2 Rd1+ 31. Kh2 Rdb1 32. Rxb1 Rxb1 33. Nc5 Rxb6 34. Rxa6 Rb2 35. Kg1 h5 36. Ra4 Rd2 37. f3 h4 38. Ra7 Kg6 39. Nb3 Rd5 40. Ra5 Rd1+ 41. Kf2 Bc2 42. Na1 Bd3 43. Nb3 Bc4 44. Na1 Rd2+ 45. Kg1 Rb2 46. Ra4 Bd5 47. Ra3 Kf5 48. Ra4 f6 49. Ra5 Kf4 50. Ra4+ Ke3 51. Ra3+ Kd2 52. Kf1 Ba2 0-1

[Event "Tenerife-ch"]
[Site "Santa Cruz de Tenerife"]
[Date "2016.04.18"]
[Round "8.1"]
[White "Hidalgo Santana, Fernando"]
[Black "Pinto Henriquez, Rodrigo"]
[Result "0-1"]
[WhiteElo "2194"]
[BlackElo "2196"]
[PlyCount "134"]
[EventDate "2016.04.01"]
[EventType "swiss"]
[EventRounds "9"]
[EventCountry "ESP"]
[SourceTitle "EXT 2024"]
[Source "ChessBase"]
[SourceDate "2023.10.10"]
[SourceVersion "1"]
[SourceVersionDate "2023.10.10"]
[SourceQuality "1"]

1. d4 d5 2. Nc3 Nf6 3. Bg5 Bf5 4. f3 c5 5. e3 cxd4 6. Bxf6 gxf6 7. Qxd4 e6 8. e4 Nc6 9. Qa4 dxe4 10. fxe4 Bg4 11. h3 Bh6 12. Bd3 Qb6 13. hxg4 Qxb2 14. Nd1 Qxa1 15. Rxh6 0-0-0 16. Nf3 Kb8 17. Ke2 Ne5 18. Nxe5 Qxe5 19. Qb5 Rd5 20. Qb2 Rd4 21. Rh5 f5 22. gxf5 Rg8 23. Kf1 Rgd8 24. Qc1 Rc8 25. Qe3 Rb4 26. Ke2 Rb1 27. Qd2 Rg8 28. Rg5 Rd8 29. fxe6 Qxe6 30. Nc3 Rb6 31. Qf4+ Qd6 32. Qxd6+ Rbxd6 33. Rg7 Rg6 34. Rxh7 Rxg2+ 35. Kf3 Rdg8 36. Rxf7 R8g3+ 37. Kf4 Rxd3 38. Rf8+ Kc7 39. Nb5+ Kd7 40. Rf7+ Ke6 41. Rxb7 Rf2+ 42. Kg4 Rxc2 43. Rxa7 Rg2+ 44. Kf4 Rf2+ 45. Kg4 Rd8 46. Kg3 Rf1 47. Kg2 Rf4 48. Ra3 Rxe4 49. Kf3 Rc4 50. Re3+ Kf5 51. Nc3 Rd2 52. Ne4 Rdd4 53. Ng3+ Kf6 54. Ne4+ Kg6 55. a3 Ra4 56. Kf4 Rd1 57. Ke5 Ra5+ 58. Ke6 Ra6+ 59. Ke5 Ra1 60. Rg3+ Kf7 61. Nd6+ Kf8 62. Rf3+ Ke7 63. Nc4 Rd1 64. Re3 Re6+ 65. Kf5 Rd5+ 66. Re5 Rexe5+ 67. Nxe5 Kd6 0-1

[Event "Tenerife-chT Primera 1516"]
[Site "Tenerife"]
[Date "2016.04.16"]
[Round "13.1"]
[White "Pinto Henriquez, Rodrigo"]
[Black "Hoyas Cebrian, Lucas"]
[Result "1-0"]
[WhiteElo "2184"]
[BlackElo "1983"]
[PlyCount "49"]
[EventDate "2015.12.12"]
[EventType "team-tourn"]
[EventRounds "14"]
[EventCountry "ESP"]
[SourceTitle "EXT 2019"]
[Source "ChessBase"]
[SourceDate "2018.10.10"]
[SourceVersion "1"]
[SourceVersionDate "2018.10.10"]
[SourceQuality "1"]
[WhiteTeam "Achinet Gambito de Rey"]
[BlackTeam "La Victoria 94"]
[WhiteTeamCountry "ESP"]
[BlackTeamCountry "ESP"]

1. d4 Nf6 2. c4 c5 3. d5 Ne4 4. Qc2 Qa5+ 5. Nd2 Nd6 6. e4 g6 7. Bd3 Bg7 8. Ne2 0-0 9. 0-0 e5 10. a3 Na6 11. Rb1 f5 12. b4 Qd8 13. Nc3 b6 14. Nb5 Nxe4 15. Bxe4 fxe4 16. Nxe4 Bb7 17. Bg5 Qc8 18. Nbd6 Qc7 19. b5 Nb8 20. Rb3 a6 21. Qe2 Rf4 22. Bxf4 exf4 23. Nf6+ Bxf6 24. Qe8+ Kg7 25. Qf7+ 1-0

[Event "Tenerife-ch"]
[Site "Santa Cruz de Tenerife"]
[Date "2016.04.11"]
[Round "5.3"]
[White "Pinto Henriquez, Rodrigo"]
[Black "Hoyas Cebrian, Lucas"]
[Result "1-0"]
[WhiteElo "2196"]
[BlackElo "1956"]
[PlyCount "93"]
[EventDate "2016.04.01"]
[EventType "swiss"]
[EventRounds "9"]
[EventCountry "ESP"]
[SourceTitle "EXT 2024"]
[Source "ChessBase"]
[SourceDate "2023.10.10"]
[SourceVersion "1"]
[SourceVersionDate "2023.10.10"]
[SourceQuality "1"]

1. e4 c6 2. Nc3 d5 3. Qf3 d4 4. Bc4 f6 5. Nce2 e5 6. d3 Qd7 7. h3 b5 8. Bb3 Na6 9. a3 Qe7 10. Ng3 g6 11. h4 h5 12. Qe2 Nc5 13. Ba2 Be6 14. f4 Bxa2 15. Rxa2 Bh6 16. Nh3 Qe6 17. Ra1 Qg4 18. Qxg4 hxg4 19. Nf2 Bxf4 20. Bxf4 exf4 21. Ne2 g3 22. Nh3 g5 23. Nxd4 Rxh4 24. Nf5 Rh7 25. Ke2 Ne7 26. Nxg5 Rxh1 27. Rxh1 Nxf5 28. exf5 0-0-0 29. Ne4 Rd5 30. Rh4 Re5 31. Kf3 Nxe4 32. dxe4 a5 33. Rh7 b4 34. axb4 axb4 35. Kxf4 Rc5 36. c3 bxc3 37. bxc3 Rxc3 38. Rf7 c5 39. Rxf6 Kd7 40. e5 Ke7 41. Ra6 Rc2 42. Ra7+ Ke8 43. Kxg3 Rc4 44. Kf3 Rd4 45. e6 c4 46. f6 Rd6 47. Ra8+ 1-0

[Event "Tenerife-chT Primera 1516"]
[Site "Tenerife"]
[Date "2016.02.27"]
[Round "8.1"]
[White "Pinto Henriquez, Rodrigo"]
[Black "Rodriguez Torres, Cristo"]
[Result "1-0"]
[WhiteElo "2184"]
[BlackElo "1828"]
[PlyCount "71"]
[EventDate "2015.12.12"]
[EventType "team-tourn"]
[EventRounds "14"]
[EventCountry "ESP"]
[SourceTitle "EXT 2017"]
[Source "ChessBase"]
[SourceDate "2016.10.25"]
[SourceVersion "1"]
[SourceVersionDate "2016.10.25"]
[SourceQuality "1"]
[WhiteTeam "Achinet Gambito de Rey"]
[BlackTeam "Universidad II"]
[WhiteTeamCountry "ESP"]
[BlackTeamCountry "ESP"]

1. d4 Nf6 2. c4 g6 3. Nc3 Bg7 4. e4 d6 5. Nf3 c5 6. d5 0-0 7. Bd3 Na6 8. 0-0 Nc7 9. Bg5 h6 10. Bd2 a6 11. a4 b6 12. Qe2 Rb8 13. Rae1 e6 14. e5 Nfe8 15. Bf4 b5 16. cxb5 exd5 17. exd6 Nxd6 18. Qe7 Qxe7 19. Rxe7 Nce8 20. Nxd5 axb5 21. Bxb5 Be6 22. Rd1 g5 23. Rxe8 gxf4 24. Ne7+ Kh7 25. Rxb8 Rxb8 26. Rxd6 Bf8 27. Rxe6 fxe6 28. Nc6 Rb7 29. Nfe5 Kg7 30. Nd8 Rb6 31. Nc4 Rb8 32. Nxe6+ Kf6 33. Nxf4 Rd8 34. Kf1 Kf5 35. g3 Bg7 36. Ke2 1-0

[Event "Tenerife-chT Primera 1516"]
[Site "Tenerife"]
[Date "2016.02.20"]
[Round "7.1"]
[White "Pinto Henriquez, Rodrigo"]
[Black "Rivas Crespo, Alexander"]
[Result "1/2-1/2"]
[WhiteElo "2184"]
[BlackElo "2089"]
[PlyCount "75"]
[EventDate "2015.12.12"]
[EventType "team-tourn"]
[EventRounds "14"]
[EventCountry "ESP"]
[SourceTitle "EXT 2017"]
[Source "ChessBase"]
[SourceDate "2016.10.25"]
[SourceVersion "1"]
[SourceVersionDate "2016.10.25"]
[SourceQuality "1"]
[WhiteTeam "Achinet Gambito de Rey"]
[BlackTeam "Circulo de Amistad"]
[WhiteTeamCountry "ESP"]
[BlackTeamCountry "ESP"]

1. d4 d5 2. c4 c6 3. Nc3 Nf6 4. Nf3 Bf5 5. Nh4 Bg6 6. Nxg6 hxg6 7. Qb3 Qd7 8. Bf4 dxc4 9. Qxc4 e6 10. e4 b5 11. Qd3 Bb4 12. Be2 Na6 13. 0-0 0-0 14. a4 Nc7 15. axb5 Nxb5 16. Rfd1 a6 17. Na4 Rad8 18. Be5 Qb7 19. Qc4 Be7 20. f3 Nd7 21. Bg3 Nb6 22. Nxb6 Qxb6 23. Bf2 Rc8 24. Ra4 c5 25. d5 exd5 26. Rxd5 Rfd8 27. Bf1 Rxd5 28. exd5 Qd6 29. Qa2 Nc7 30. Bc4 Rd8 31. Bg3 Qd7 32. Bxc7 Qxc7 33. Rxa6 Bd6 34. h3 Qe7 35. Qb1 Qe3+ 36. Kh1 Qf4 37. Rxd6 Qxd6 38. Qe4 1/2-1/2

[Event "Tenerife-chT Primera 1516"]
[Site "Tenerife"]
[Date "2016.01.30"]
[Round "6.1"]
[White "Martin Ortega, Oscar"]
[Black "Pinto Henriquez, Rodrigo"]
[Result "0-1"]
[WhiteElo "1919"]
[BlackElo "2184"]
[PlyCount "98"]
[EventDate "2015.12.12"]
[EventType "team-tourn"]
[EventRounds "14"]
[EventCountry "ESP"]
[SourceTitle "CBM 170 Extra"]
[Source "ChessBase"]
[SourceDate "2016.02.25"]
[SourceVersion "1"]
[SourceVersionDate "2016.02.25"]
[SourceQuality "1"]
[WhiteTeam "La Victoria 94"]
[BlackTeam "Achinet Gambito de Rey"]
[WhiteTeamCountry "ESP"]
[BlackTeamCountry "ESP"]

1. e4 e5 2. Nf3 Nc6 3. d4 exd4 4. Nxd4 Bc5 5. Nb3 Be7 6. Nc3 Nf6 7. Be3 d6 8. f3 Be6 9. Nd5 Bxd5 10. exd5 Ne5 11. Be2 0-0 12. 0-0 Qd7 13. c4 Rae8 14. Re1 Bd8 15. Nd4 c5 16. dxc6 bxc6 17. Bf1 Ba5 18. Bd2 Bb6 19. Be3 d5 20. Nc2 dxc4 21. Qxd7 Nfxd7 22. Rad1 Nc5 23. Nd4 Ned3 24. Re2 Na4 25. Nc2 Naxb2 26. Rb1 Nf4 27. Ree1 c3 28. Bd4 Nd5 29. Ba6 Bxd4+ 30. Nxd4 Nb4 31. Bf1 c5 32. Ne2 N2d3 33. Rec1 Nxc1 34. Rxc1 Nxa2 35. Rc2 Nb4 36. Rxc3 Rc8 37. Ng3 Nd5 38. Rc1 Ne3 39. Ba6 Rc6 40. Bb5 Rc7 41. Kf2 Rb8 42. Bd3 Nd5 43. Ne4 Rb2+ 44. Kg3 Nb4 45. Bc4 Kf8 46. Rd1 h6 47. Bb5 Nc6 48. Ba4 Nd4 49. Nxc5 Nf5+ 0-1

[Event "Tenerife-chT Primera 1516"]
[Site "Tenerife"]
[Date "2016.01.23"]
[Round "5.1"]
[White "Pinto Henriquez, Rodrigo"]
[Black "Cordero Alamo, Ramon"]
[Result "1-0"]
[WhiteElo "2184"]
[BlackElo "1416"]
[PlyCount "61"]
[EventDate "2015.12.12"]
[EventType "team-tourn"]
[EventRounds "14"]
[EventCountry "ESP"]
[SourceTitle "CBM 170 Extra"]
[Source "ChessBase"]
[SourceDate "2016.02.25"]
[SourceVersion "1"]
[SourceVersionDate "2016.02.25"]
[SourceQuality "1"]
[WhiteTeam "Achinet Gambito de Rey"]
[BlackTeam "Laguna Cotelec II"]
[WhiteTeamCountry "ESP"]
[BlackTeamCountry "ESP"]

1. d4 d5 2. c4 c6 3. Nc3 Nf6 4. Nf3 Bf5 5. Nh4 Bd7 6. e3 e6 7. Nf3 Bb4 8. Qb3 Qa5 9. Bd2 0-0 10. a3 Bxc3 11. Bxc3 Qc7 12. Bd3 Re8 13. 0-0 Na6 14. Rac1 Qc8 15. Nd2 Rb8 16. e4 Nc7 17. e5 dxc4 18. Nxc4 Nfd5 19. Bd2 Qd8 20. Nd6 Rf8 21. Bb1 Nb5 22. Nxb5 cxb5 23. Qh3 f5 24. exf6 Nxf6 25. Ba2 Nd5 26. Qg3 Qf6 27. Bxd5 exd5 28. Rc7 Bc6 29. Bf4 Rbc8 30. Be5 Qf7 31. Qxg7+ 1-0

[Event "Tenerife Verano op"]
[Site "Tenerife"]
[Date "2015.08.12"]
[Round "2"]
[White "Pinto Henriquez, Rodrigo"]
[Black "Calvo Nobrega, Joaquin Manuel"]
[Result "1-0"]
[WhiteElo "2178"]
[BlackElo "1729"]
[PlyCount "39"]
[EventDate "2015.08.10"]
[EventType "swiss"]
[EventRounds "9"]
[EventCountry "ESP"]
[SourceTitle "EXT 2016"]
[Source "ChessBase"]
[SourceDate "2015.10.08"]
[SourceVersion "1"]
[SourceVersionDate "2015.10.08"]
[SourceQuality "1"]

1. d4 d5 2. c4 e6 3. Nc3 Nf6 4. Bg5 c5 5. cxd5 cxd4 6. Qa4+ Bd7 7. Qxd4 exd5 8. Bxf6 Qxf6 9. Qxf6 gxf6 10. Nxd5 Kd8 11. 0-0-0 Bg7 12. e3 Nc6 13. Ne2 Rc8 14. Nec3 Ne7 15. Kb1 Nxd5 16. Nxd5 Re8 17. Bd3 h6 18. Rd2 Re5 19. Bc2 Rc5 20. Rhd1 1-0

[Event "Tenerife-chT Primera"]
[Site "Tenerife"]
[Date "2015.04.18"]
[Round "9.1"]
[White "Pinto Henriquez, Rodrigo"]
[Black "Sanjuan Morigosa, Isaura"]
[Result "1-0"]
[WhiteElo "2158"]
[BlackElo "1966"]
[PlyCount "101"]
[EventDate "2015.01.24"]
[EventType "swiss"]
[EventRounds "14"]
[EventCountry "ESP"]
[SourceTitle "EXT 2024"]
[Source "ChessBase"]
[SourceDate "2023.10.10"]
[SourceVersion "1"]
[SourceVersionDate "2023.10.10"]
[SourceQuality "1"]
[WhiteTeam "Achinet Gambito de Rey"]
[BlackTeam "Casa de Venezuela"]
[WhiteTeamCountry "ESP"]
[BlackTeamCountry "ESP"]

1. d4 Nf6 2. c4 e6 3. Nf3 Bb4+ 4. Bd2 Qe7 5. g3 Ne4 6. Bg2 0-0 7. 0-0 d5 8. Qc2 Nxd2 9. Nfxd2 c6 10. Nc3 f5 11. a3 Bd6 12. e3 Nd7 13. b4 Nf6 14. c5 Bc7 15. f4 g5 16. Nf3 gxf4 17. exf4 Ne4 18. Ne5 Kh8 19. a4 Bxe5 20. dxe5 a5 21. Nxe4 fxe4 22. Qc3 axb4 23. Qxb4 Rg8 24. Ra3 Qc7 25. a5 Bd7 26. Rb1 Ra7 27. Kf2 Rga8 28. Rba1 Kg7 29. Ke3 Kf8 30. Bf1 Be8 31. Be2 Bg6 32. Kd4 Ke7 33. Qb2 Kd7 34. h4 Qd8 35. Qb4 Kc8 36. Qb6 Qc7 37. h5 Be8 38. g4 Kd7 39. g5 Qd8 40. Bg4 Ke7 41. Qxd8+ Rxd8 42. a6 bxa6 43. Rxa6 Rb7 44. Rb6 Rdb8 45. Rab1 Rxb6 46. Rxb6 Ra8 47. Rb7+ Bd7 48. f5 Kd8 49. fxe6 Ra4+ 50. Ke3 Be8 51. e7# 1-0

[Event "Santa Cruz de Tenerife Primavera op"]
[Site "Santa Cruz de Tenerife"]
[Date "2015.03.25"]
[Round "8"]
[White "Pinto Henriquez, Rodrigo"]
[Black "Herrera Reyes, Jose Antonio"]
[Result "0-1"]
[WhiteElo "2158"]
[BlackElo "2193"]
[PlyCount "50"]
[EventDate "2015.03.10"]
[EventType "swiss"]
[EventRounds "9"]
[EventCountry "ESP"]
[SourceTitle "CBM 165 Extra"]
[Source "ChessBase"]
[SourceDate "2015.04.21"]
[SourceVersion "1"]
[SourceVersionDate "2015.04.21"]
[SourceQuality "1"]

1. d4 Nf6 2. c4 c5 3. d5 b5 4. Qc2 g6 5. e4 d6 6. cxb5 Bg7 7. Nc3 0-0 8. Nf3 a6 9. Bg5 Qa5 10. Nd2 axb5 11. Bxb5 Ba6 12. Nc4 Qb4 13. a3 Bxb5 14. axb4 Rxa1+ 15. Kd2 Rxh1 16. Nxb5 Na6 17. bxc5 Nb4 18. Qa4 Nxe4+ 19. Ke2 Nxd5 20. Bxe7 Nxc5 21. Qa5 Nxe7 22. Nbxd6 Nb3 23. Qg5 Nd4+ 24. Kd2 Nef5 25. Nxf5 Nxf5 0-1